000 00335 a2200157 4500
001 73505
020 _a853221284-0
040 _cAnchieta - Colégio São Paulo
100 _aAlencar, José de
240 1 0 _aUbirajara
_lpor
245 1 0 _aUbirajara
300 _a125
362 0 _a1994
650 4 _aFicção brasileira
942 _cBK
999 _c73505
_d73505